[Event "Junior Online 4NCL Division 3"]
[Site "online"]
[Date "2021.09.02"]
[EventDate "2021.09.02"]
[Round "2.135"]
[White "Jaiswal, Naina"]
[WhiteElo "1103"]
[WhiteTeam "Uxbridge C"]
[Black "Zhu, Pengxiao"]
[BlackElo "1515"]
[BlackTeam "London Dragons Americium"]
[Result "0-1"]
[PlyCount "68"]

1. e4 e5 2. Nf3 Nc6 3. Nc3 Nf6 4. Bc4 Nxe4 5. Nxe4 d5 6. Bb5 dxe4 7. Bxc6+ bxc6 8. Nxe5 Qf6 9. Nc4 Ba6 10. d3 exd3 11. cxd3 Bb4+ 12. Bd2 Bxd2+ 13. Qxd2 O-O 14. Rc1 Rfe8+ 15. Ne3 Rad8 16. Rc3 Qg6 17. O-O Bxd3 18. Rxd3 Qxd3 19. Qxd3 Rxd3 20. Re1 f5 21. f4 Rexe3 22. Rxe3 Rxe3 23. g3 Re2 24. a4 Rxb2 25. a5 c5 26. a6 c4 27. Kf1 c3 28. Ke1 c2 29. Kd2 Ra2 30. Kc1 Kf7 31. Kd2 g5 32. fxg5 Kg6 33. Kc1 Kxg5 34. Kd2 Kg4 0-1

[Event "Junior Online 4NCL Division 3"]
[Site "online"]
[Date "2021.09.02"]
[EventDate "2021.09.02"]
[Round "2.136"]
[White "Xu, Jiarui"]
[WhiteElo "1452"]
[WhiteTeam "London Dragons Americium"]
[Black "Prabhushankar, Arivukkathir"]
[BlackElo "1091"]
[BlackTeam "Uxbridge C"]
[Result "1-0"]
[PlyCount "97"]

1. e4 e5 2. Nf3 Nc6 3. Bc4 h6 4. d3 Nf6 5. Nc3 a6 6. O-O b5 7. Bb3 Bc5 8. Nd5 Ng4 9. h3 Nxf2 10. Rxf2 Bxf2+ 11. Kxf2 O-O 12. Be3 a5 13. a4 b4 14. Bd2 d6 15. Ne3 Ne7 16. Nd5 Nxd5 17. Bxd5 Rb8 18. Be3 c5 19. c3 bxc3 20. bxc3 Rb2+ 21. Kg1 Qc7 22. Rb1 Rxb1 23. Qxb1 Ba6 24. Qc2 Rb8 25. Nd2 Qb6 26. Nc4 Bxc4 27. Bxc4 Qb1+ 28. Qxb1 Rxb1+ 29. Kh2 Ra1 30. Bb5 Rd1 31. Kg3 Rb1 32. d4 exd4 33. cxd4 cxd4 34. Bxd4 Rb4 35. Bb6 Rxe4 36. Bxa5 Re3+ 37. Kf4 Ra3 38. Bb4 Ra1 39. Bxd6 g5+ 40. Kg4 Re1 41. a5 Re8 42. Bxe8 Kg7 43. Kf5 Kh7 44. Bxf7 Kg7 45. Bg6 Kg8 46. a6 Kg7 47. a7 Kg8 48. a8=Q+ Kg7 49. Qf8# 1-0

[Event "Junior Online 4NCL Division 3"]
[Site "online"]
[Date "2021.09.02"]
[EventDate "2021.09.02"]
[Round "2.137"]
[White "Sundararaju, Ritvik"]
[WhiteElo "934"]
[WhiteTeam "Uxbridge C"]
[Black "Shi, Shaoquan"]
[BlackElo "1501"]
[BlackTeam "London Dragons Americium"]
[Result "0-1"]
[PlyCount "54"]

1. e4 c5 2. Nf3 d6 3. Bc4 Nc6 4. O-O g6 5. Ng5 e6 6. f4 Bg7 7. f5 Qxg5 8. fxe6 Bxe6 9. Bxe6 fxe6 10. d4 Bxd4+ 11. Kh1 Qh4 12. Rf4 Qh6 13. Rf3 Qg7 14. Rh3 O-O-O 15. Bh6 Nxh6 16. Rf3 Bxb2 17. Nd2 Bxa1 18. Nb3 Be5 19. Nd2 Rhf8 20. Rd3 Nb4 21. Ra3 Bc3 22. Nc4 d5 23. exd5 exd5 24. Rxa7 dxc4 25. Ra8+ Kc7 26. Qc1 Rxa8 27. Qg5 Rf1# 0-1

[Event "Junior Online 4NCL Division 3"]
[Site "online"]
[Date "2021.09.02"]
[EventDate "2021.09.02"]
[Round "2.138"]
[White "Gan, Mark"]
[WhiteElo "1362"]
[WhiteTeam "London Dragons Americium"]
[Black "Patel, Mayun"]
[BlackElo "856"]
[BlackTeam "Uxbridge C"]
[Result "1-0"]
[PlyCount "45"]

1. e4 e5 2. Nf3 Nf6 3. Nxe5 Bc5 4. d3 Nc6 5. Nxc6 bxc6 6. h3 g5 7. Bxg5 Nh5 8. Bxd8 Kxd8 9. Qxh5 Rb8 10. Qxc5 d6 11. Qc3 d5 12. Qxh8+ Kd7 13. e5 Rxb2 14. e6+ Kxe6 15. Qxb2 c5 16. Be2 c4 17. Bg4+ Kd6 18. Bxc8 c3 19. Qxc3 d4 20. Qxd4+ Kc6 21. Nc3 f5 22. Rb1 f4 23. Qd5# 1-0

[Event "Junior Online 4NCL Division 3"]
[Site "online"]
[Date "2021.09.02"]
[EventDate "2021.09.02"]
[Round "2.141"]
[White "Mallick, Ismail"]
[WhiteElo "1567"]
[WhiteTeam "Wimbledon Juniors A"]
[Black "Timbrell, Matthew"]
[BlackElo "1473"]
[BlackTeam "Somerset Lions"]
[Result "0-1"]
[PlyCount "150"]

1. e4 c6 2. d4 d5 3. e5 Bf5 4. Nf3 e6 5. Be2 c5 6. c3 Nc6 7. O-O Qc7 8. Be3 cxd4 9. cxd4 Nge7 10. Nc3 a6 11. a3 b5 12. Rc1 Qb7 13. Qb3 Nc8 14. a4 b4 15. Na2 a5 16. Bb5 Na7 17. Be2 Be7 18. Nd2 O-O 19. Qd1 Rfc8 20. Nb3 Nd8 21. Rxc8 Rxc8 22. Nac1 Bc2 23. Qd2 Bxb3 24. Nxb3 Nac6 25. Rc1 h6 26. Bb5 Qb6 27. h3 Bf8 28. Qd1 Na7 29. Rxc8 Nxc8 30. Qc2 Na7 31. Bd3 Ndc6 32. Nc5 Bxc5 33. Qxc5 Qxc5 34. dxc5 Nxe5 35. Be2 Kf8 36. f4 Nc4 37. Bc1 Nc6 38. b3 Na3 39. Bb5 Nd4 40. Bd3 Nxb3 41. c6 Ke7 42. Be3 d4 43. Bf2 Kd6 44. Bb5 Nxb5 45. axb5 a4 46. Bg3 f6 47. f5+ e5 48. Be1 a3 49. Bxb4+ Kc7 50. Bxa3 d3 51. Kf1 d2 52. Ke2 Na5 53. Kxd2 Nc4+ 54. Kc3 Nxa3 55. Kb4 Nc2+ 56. Kc5 Nd4 57. b6+ Kc8 58. c7 Nb3+ 59. Kd6 Na5 60. Kd5 Nb3 61. Ke6 e4 62. b7+ Kxc7 63. b8=Q+ Kxb8 64. Kd5 e3 65. Kc4 e2 66. Kxb3 e1=Q 67. g4 Qe4 68. Kc3 Kc7 69. Kb3 Kb6 70. Kc3 Kc5 71. Kb3 Qd3+ 72. Kb2 Kb4 73. Ka2 Qa3+ 74. Kb1 Kc3 75. g5 Qb2# 0-1

[Event "Junior Online 4NCL Division 3"]
[Site "online"]
[Date "2021.09.02"]
[EventDate "2021.09.02"]
[Round "2.142"]
[White "Keech, Gabriel"]
[WhiteElo "1520"]
[WhiteTeam "Somerset Lions"]
[Black "Roets, Nicholas"]
[BlackElo "1267"]
[BlackTeam "Wimbledon Juniors A"]
[Result "1-0"]
[PlyCount "132"]

1. c4 e5 2. g3 Nc6 3. Bg2 Bc5 4. e3 Nge7 5. Ne2 d6 6. Nbc3 Be6 7. d3 O-O 8. O-O h6 9. a3 a6 10. b4 Ba7 11. Bb2 d5 12. c5 b6 13. d4 e4 14. Rc1 bxc5 15. bxc5 Rb8 16. Rb1 Na5 17. Ba1 Nc4 18. Rxb8 Qxb8 19. Qa4 a5 20. Rb1 Qe8 21. Qxe8 Rxe8 22. Rb7 Bb8 23. Nf4 c6 24. Nxe6 fxe6 25. Rb3 Bc7 26. Bh3 Nf5 27. Rb7 Re7 28. Rb3 Re8 29. Rb7 Rc8 30. Na4 Nxa3 31. Nb6 Bxb6 32. Rxb6 Nc4 33. Ra6 Kf7 34. Bf1 Nd2 35. Bc3 Nxf1 36. Kxf1 h5 37. Bxa5 h4 38. g4 Ne7 39. h3 g5 40. Ra7 Kf6 41. Rc7 Ra8 42. Bb6 Rc8 43. Rxc8 Nxc8 44. Bd8+ Kg6 45. Bc7 Na7 46. Be5 Nb5 47. Kg2 Nc3 48. f3 exf3+ 49. Kxf3 Nd1 50. Bd6 Nc3 51. Be5 Ne4 52. Bd6 Ng3 53. Bxg3 hxg3 54. Kxg3 Kh6 55. h4 gxh4+ 56. Kxh4 Kg6 57. g5 Kg7 58. Kh5 e5 59. dxe5 Kh7 60. e6 Kg7 61. e7 Kf7 62. g6+ Kxe7 63. Kh6 Ke6 64. g7 Ke5 65. g8=Q Ke4 66. Qe6+ Kd3 1-0

[Event "Junior Online 4NCL Division 3"]
[Site "online"]
[Date "2021.09.02"]
[EventDate "2021.09.02"]
[Round "2.145"]
[White "Timbrell, Matthew"]
[WhiteElo "1473"]
[WhiteTeam "Somerset Lions"]
[Black "Mallick, Ismail"]
[BlackElo "1567"]
[BlackTeam "Wimbledon Juniors A"]
[Result "1-0"]
[PlyCount "141"]

1. c4 e5 2. Nc3 Nf6 3. g3 Bc5 4. Bg2 O-O 5. e3 Nc6 6. Nge2 d6 7. O-O Bd7 8. d4 exd4 9. exd4 Bb6 10. a3 a6 11. b4 Be6 12. d5 Bd7 13. dxc6 bxc6 14. Qd3 Re8 15. Na4 Ba7 16. c5 d5 17. Nd4 Qe7 18. Bf4 Bg4 19. Nc3 Qd7 20. Rfe1 a5 21. f3 Bh5 22. Qd2 Bg6 23. Rxe8+ Rxe8 24. Re1 Rxe1+ 25. Qxe1 h6 26. Qe5 Ne8 27. Bf1 f6 28. Qe3 Bh7 29. Bd3 Bxd3 30. Qxd3 axb4 31. axb4 Bb8 32. Qf5 Qe7 33. Qe6+ Qxe6 34. Nxe6 Kf7 35. Nd8+ Ke7 36. Nxc6+ Kd7 37. Nxb8+ Kc8 38. Na6 d4 39. Ne2 d3 40. Nc1 Kb7 41. b5 d2 42. Bxd2 c6 43. Nb4 cxb5 44. Kf2 Nc7 45. Ncd3 Ne6 46. Be3 Nc7 47. Nf4 g5 48. c6+ Kc8 49. Nfd5 Ne6 50. f4 gxf4 51. Nxf4 Nc7 52. Nfd5 Ne6 53. Nxf6 Kc7 54. h4 Kd6 55. Ng8 h5 56. Nf6 Ng7 57. Bf4+ Ke7 58. c7 Kxf6 59. c8=Q Kg6 60. Qc6+ Kh7 61. Qh6+ Kg8 62. Qg6 Kf8 63. Bh6 Ke7 64. Qxg7+ Kd6 65. Qd4+ Ke6 66. Bf4 Kf5 67. Qe5+ Kg6 68. Qe6+ Kg7 69. Bh6+ Kh7 70. Qf6 Kg8 71. Qg7# 1-0

[Event "Junior Online 4NCL Division 3"]
[Site "online"]
[Date "2021.09.02"]
[EventDate "2021.09.02"]
[Round "2.146"]
[White "Roets, Nicholas"]
[WhiteElo "1267"]
[WhiteTeam "Wimbledon Juniors A"]
[Black "Keech, Gabriel"]
[BlackElo "1520"]
[BlackTeam "Somerset Lions"]
[Result "0-1"]
[PlyCount "90"]

1. e4 c5 2. d3 Nf6 3. Nf3 Nc6 4. Nbd2 e6 5. g3 Be7 6. Bg2 a6 7. O-O b5 8. b3 Bb7 9. Re1 d6 10. h4 h5 11. Nf1 d5 12. e5 Nd7 13. Bf4 f6 14. exf6 gxf6 15. N1h2 e5 16. Bd2 Qc7 17. Bc3 O-O-O 18. d4 exd4 19. Bb2 f5 20. c3 f4 21. cxd4 fxg3 22. fxg3 Qxg3 23. Qd2 Rhg8 24. Qf2 Qxf2+ 25. Kxf2 Rg6 26. Ne5 Ndxe5 27. dxe5 Bxh4+ 28. Kf3 Bxe1 29. Rxe1 d4 30. Bh3+ Kb8 31. e6 Re8 32. Bc1 Nd8+ 33. Kf2 Nxe6 34. Bf4+ Ka7 35. Bf5 Rf6 36. Bxe6 Rexe6 37. Rxe6 Rxe6 38. Nf3 Bxf3 39. Kxf3 Rf6 40. Ke4 Rxf4+ 41. Kxf4 h4 42. Kg4 d3 43. Kf3 h3 44. Ke3 h2 45. Kxd3 h1=Q 0-1

[Event "Junior Online 4NCL Division 3"]
[Site "online"]
[Date "2021.09.02"]
[EventDate "2021.09.02"]
[Round "2.161"]
[White "Aserkoff, Daniel"]
[WhiteElo "1411"]
[WhiteTeam "JHJ Shark Tank 5"]
[Black "Yerabati, Suhrith"]
[BlackElo "1413"]
[BlackTeam "Leeds Juniors 2"]
[Result "1/2-1/2"]
[PlyCount "135"]

1. e4 c6 2. d4 d5 3. exd5 cxd5 4. Bd3 Nc6 5. c3 Nf6 6. Bf4 e6 7. Nf3 Bd6 8. Bxd6 Qxd6 9. O-O O-O 10. Re1 Bd7 11. Nbd2 Rfe8 12. Ne5 Rac8 13. Ndf3 b5 14. Nxd7 Nxd7 15. Bxb5 Rb8 16. Bxc6 Qxc6 17. Qc2 Nf6 18. Ne5 Qd6 19. f3 Nd7 20. Nd3 e5 21. dxe5 Nxe5 22. Nxe5 Rxe5 23. Rad1 h6 24. c4 Rxe1+ 25. Rxe1 Qb6+ 26. Kf1 dxc4 27. Qxc4 Qxb2 28. Qe2 Qxe2+ 29. Rxe2 Kf8 30. Kf2 Re8 31. Rxe8+ Kxe8 32. Ke3 Ke7 33. Kd4 Kd6 34. a3 a6 35. f4 f5 36. h3 g5 37. g3 g4 38. hxg4 fxg4 39. Ke4 h5 40. f5 Ke7 41. Kf4 Kf6 42. a4 a5 43. Ke4 Kf7 44. Ke5 Ke7 45. f6+ Kf7 46. Kf5 h4 47. Kxg4 hxg3 48. Kxg3 Kxf6 49. Kf4 Ke6 50. Ke4 Kd6 51. Kd4 Kc6 52. Kc4 Kb6 53. Kd5 Ka7 54. Kc5 Ka6 55. Kc6 Ka7 56. Kb5 Kb7 57. Kxa5 Ka7 58. Kb5 Kb7 59. a5 Ka7 60. a6 Ka8 61. Kb6 Kb8 62. Ka5 Ka7 63. Kb5 Ka8 64. Kc6 Ka7 65. Kb5 Ka8 66. Kb6 Kb8 67. a7+ Ka8 68. Ka6 1/2-1/2

[Event "Junior Online 4NCL Division 3"]
[Site "online"]
[Date "2021.09.02"]
[EventDate "2021.09.02"]
[Round "2.162"]
[White "Yerabati, Samiksha"]
[WhiteElo "1337"]
[WhiteTeam "Leeds Juniors 2"]
[Black "Hatem, Mika"]
[BlackElo "1384"]
[BlackTeam "JHJ Shark Tank 5"]
[Result "0-1"]
[PlyCount "182"]

1. e4 e5 2. Nf3 Nc6 3. Bb5 a6 4. Ba4 Nf6 5. O-O b5 6. Bb3 Bc5 7. d3 d6 8. h3 O-O 9. Bg5 h6 10. Bh4 Be6 11. c3 a5 12. Bc2 b4 13. d4 exd4 14. cxd4 Bc4 15. dxc5 Bxf1 16. Qxf1 Ne5 17. Nxe5 dxe5 18. Qe2 g5 19. Bg3 Qd4 20. Bd3 Rad8 21. Bb5 Nxe4 22. Bh2 c6 23. Ba6 f5 24. Bc4+ Kg7 25. g3 Qxc5 26. Bd3 Qxf2+ 27. Qxf2 Nxf2 28. Kxf2 Rxd3 29. Ke1 Rfd8 30. Ke2 e4 31. h4 Kg6 32. a3 b3 33. Kf2 Rf3+ 34. Ke2 Rdd3 35. Nc3 g4 36. Rd1 Rde3+ 37. Kd2 Rd3+ 38. Ke2 Rxd1 39. Kxd1 Rd3+ 40. Ke2 c5 41. Nb5 Kf6 42. Nc7 Ke5 43. Na6 c4 44. Nc5 Kd5 45. Nxd3 cxd3+ 46. Kd2 Kc4 47. Bg1 h5 48. Be3 a4 49. Bh6 Kd5 50. Bg5 Kd4 51. Bf6+ Kc4 52. Bc3 Kd5 53. Ke3 Ke6 54. Kd4 Kf6 55. Kc4+ Ke6 56. Kb4 e3 57. Kc4 f4 58. Kxd3 f3 59. Kxe3 Kd5 60. Be1 Kc4 61. Kd2 Kd4 62. Bf2+ Ke4 63. Kc3 Kd5 64. Kb4 Ke4 65. Kxa4 Kd3 66. Kxb3 Ke2 67. Bc5 f2 68. Bxf2 Kxf2 69. a4 Kxg3 70. a5 Kh2 71. a6 g3 72. a7 g2 73. a8=Q g1=Q 74. Qb8+ Kh3 75. Qc8+ Kxh4 76. Qd8+ Qg5 77. Qd4+ Qg4 78. Qf6+ Kh3 79. Qf1+ Qg2 80. Qf5+ Qg4 81. Qf1+ Kg3 82. Qg1+ Kf4 83. Qd4+ Kg5 84. Qc5+ Kh4 85. Qf2+ Qg3+ 86. Qxg3+ Kxg3 87. Kc3 h4 88. b4 h3 89. b5 h2 90. b6 h1=Q 91. b7 Qxb7 0-1

[Event "Junior Online 4NCL Division 3"]
[Site "online"]
[Date "2021.09.02"]
[EventDate "2021.09.02"]
[Round "2.163"]
[White "Groot Wassink, Emma"]
[WhiteElo "1384"]
[WhiteTeam "JHJ Shark Tank 5"]
[Black "Ragu, Sachin"]
[BlackElo "1281"]
[BlackTeam "Leeds Juniors 2"]
[Result "1-0"]
[PlyCount "51"]

1. e4 e5 2. Nf3 Nc6 3. Bc4 Bc5 4. c3 Nf6 5. d4 exd4 6. cxd4 Bb6 7. e5 Qe7 8. O-O Ne4 9. Re1 d5 10. Bxd5 f5 11. exf6 Qxf6 12. Rxe4+ Ne7 13. Bg5 Qd6 14. Rxe7+ Qxe7 15. Bxe7 Kxe7 16. Qe2+ Kf8 17. Nc3 c6 18. Re1 g6 19. Qe8+ Kg7 20. Qf7+ Kh6 21. Re7 Bf5 22. Qg7+ Kh5 23. Re5 Rag8 24. Bxg8 Rxg8 25. Qxh7+ Kg4 26. Qh4# 1-0

[Event "Junior Online 4NCL Division 3"]
[Site "online"]
[Date "2021.09.02"]
[EventDate "2021.09.02"]
[Round "2.164"]
[White "Sasikumar, Srivathsan"]
[WhiteElo "1249"]
[WhiteTeam "Leeds Juniors 2"]
[Black "Xu, Tianyou"]
[BlackElo "1364"]
[BlackTeam "JHJ Shark Tank 5"]
[Result "1-0"]
[PlyCount "77"]

1. d4 d5 2. Bf4 Nf6 3. Nf3 Bf5 4. e3 Nbd7 5. Bd3 Be4 6. c3 e6 7. Qc2 c5 8. Nbd2 Bxd3 9. Qxd3 c4 10. Qc2 Qb6 11. O-O Bd6 12. Bg3 Bxg3 13. hxg3 O-O 14. Rfe1 Qc6 15. e4 dxe4 16. Nxe4 Nxe4 17. Rxe4 Nf6 18. Re2 Rad8 19. Ne5 Qd5 20. Qa4 Nd7 21. Nxd7 Qxd7 22. Qxc4 b5 23. Qd3 Qd5 24. Re5 Qb7 25. Rxb5 Qa6 26. c4 e5 27. Rxe5 Rd6 28. b3 Rfd8 29. Rae1 Qc8 30. d5 f6 31. R5e3 Kf8 32. Qxh7 f5 33. Qh8+ Kf7 34. Re7+ Kg6 35. Qxg7+ Kh5 36. g4+ fxg4 37. R1e5+ Kh4 38. g3+ Kh3 39. Rh5# 1-0

[Event "Junior Online 4NCL Division 3"]
[Site "online"]
[Date "2021.09.02"]
[EventDate "2021.09.02"]
[Round "2.165"]
[White "Yerabati, Suhrith"]
[WhiteElo "1413"]
[WhiteTeam "Leeds Juniors 2"]
[Black "Aserkoff, Daniel"]
[BlackElo "1411"]
[BlackTeam "JHJ Shark Tank 5"]
[Result "1-0"]
[PlyCount "71"]

1. d4 c6 2. Bf4 Nf6 3. e3 d5 4. Nf3 Bg4 5. h3 Bh5 6. Be2 e6 7. Nbd2 Nbd7 8. c3 c5 9. O-O Be7 10. Ne5 Bxe2 11. Qxe2 Nxe5 12. Bxe5 O-O 13. Nf3 Rc8 14. Rac1 Bd6 15. Qb5 cxd4 16. cxd4 Rxc1 17. Rxc1 b6 18. Qc6 Bxe5 19. Nxe5 Qa8 20. Qxa8 Rxa8 21. Rc7 Ne8 22. Rxf7 Rc8 23. Rxa7 Rc2 24. b3 h6 25. Re7 Nc7 26. a4 Kf8 27. Rf7+ Kg8 28. b4 Na6 29. Rb7 Nxb4 30. Rxb6 Na2 31. a5 Nc3 32. a6 Ra2 33. Nc6 Ne2+ 34. Kh2 Kh7 35. a7 Rc2 36. a8=Q 1-0

[Event "Junior Online 4NCL Division 3"]
[Site "online"]
[Date "2021.09.02"]
[EventDate "2021.09.02"]
[Round "2.166"]
[White "Hatem, Mika"]
[WhiteElo "1384"]
[WhiteTeam "JHJ Shark Tank 5"]
[Black "Yerabati, Samiksha"]
[BlackElo "1337"]
[BlackTeam "Leeds Juniors 2"]
[Result "0-1"]
[PlyCount "28"]

1. e4 e5 2. Nf3 Nc6 3. d4 exd4 4. Nxd4 Nxd4 5. Qxd4 d6 6. Bc4 Nf6 7. Nc3 c5 8. Qd3 Be7 9. Bf4 O-O 10. Rd1 Ne8 11. O-O Be6 12. Bb3 Rc8 13. Nb5 c4 14. Qd5 Bxd5 0-1

[Event "Junior Online 4NCL Division 3"]
[Site "online"]
[Date "2021.09.02"]
[EventDate "2021.09.02"]
[Round "2.167"]
[White "Ragu, Sachin"]
[WhiteElo "1281"]
[WhiteTeam "Leeds Juniors 2"]
[Black "Groot Wassink, Emma"]
[BlackElo "1384"]
[BlackTeam "JHJ Shark Tank 5"]
[Result "0-1"]
[PlyCount "206"]

1. e4 e5 2. Nf3 Nc6 3. Bc4 Bc5 4. b4 Bxb4 5. c3 Ba5 6. Ba3 d6 7. Qb3 Qe7 8. O-O Be6 9. d4 Bxc4 10. Qxc4 O-O-O 11. d5 Nb8 12. Qb5 Bb6 13. Nbd2 Nf6 14. c4 Nfd7 15. Rfe1 Nc5 16. Nb3 a6 17. Qb4 Nd3 18. Qc3 Nxe1 19. Rxe1 Nd7 20. Rc1 f6 21. Nh4 g6 22. Bb2 Qg7 23. c5 dxc5 24. a4 Qh6 25. Nf3 Qf4 26. a5 Ba7 27. Ba3 Qxe4 28. Nxc5 Nxc5 29. Bxc5 Bxc5 30. Qxc5 Rd7 31. d6 Qc6 32. Qxc6 bxc6 33. Rxc6 Kb7 34. Rc1 Rxd6 35. Rb1+ Ka7 36. Rc1 c6 37. h3 e4 38. Nd2 Rxd2 39. Rxc6 Re2 40. Rxf6 e3 41. fxe3 Rxe3 42. Rf7+ Kb8 43. Rf6 Rc8 44. Rxa6 Ra3 45. Rb6+ Ka7 46. Rf6 Rxa5 47. Rf7+ Ka6 48. Rxh7 Rc1+ 49. Kh2 Ra2 50. Rh6 Rcc2 51. Rxg6+ Kb5 52. Rg5+ Kc6 53. Rg6+ Kd7 54. Rg7+ Ke8 55. Rg8+ Kf7 56. Rg3 Kf6 57. Rf3+ Ke5 58. Re3+ Kf4 59. Rf3+ Ke4 60. Rg3 Rc8 61. Rg4+ Kf5 62. Rg3 Rh8 63. Rf3+ Ke4 64. Rg3 Raa8 65. Rg4+ Kf5 66. Rg3 Rag8 67. Rf3+ Kg6 68. Rg3+ Kh6 69. Rf3 Kh5 70. Rf5+ Kg6 71. Rf3 Kg5 72. Rg3+ Kf4 73. Rf3+ Ke4 74. Rf2 Rf8 75. Re2+ Kf4 76. Rf2+ Kg5 77. Re2 Rhg8 78. Re5+ Rf5 79. Re3 Rff8 80. Rg3+ Kh5 81. Re3 Rg5 82. g4+ Kh6 83. Re6+ Rg6 84. Re2 Rff6 85. Kg3 Re6 86. Rf2 Re3+ 87. Kg2 Rg5 88. Rf6+ Kg7 89. Rf2 Ree5 90. Kg3 Rg6 91. h4 Re4 92. g5 Rd6 93. Rf3 Rdd4 94. h5 Rg4+ 95. Kh2 Rxg5 96. Rh3 Rd2+ 97. Kh1 Kh6 98. Re3 Kxh5 99. Rh3+ Kg4 100. Rh2 Rxh2+ 101. Kxh2 Kf3 102. Kh1 Kf2 103. Kh2 Rh5# 0-1

[Event "Junior Online 4NCL Division 3"]
[Site "online"]
[Date "2021.09.02"]
[EventDate "2021.09.02"]
[Round "2.168"]
[White "Xu, Tianyou"]
[WhiteElo "1364"]
[WhiteTeam "JHJ Shark Tank 5"]
[Black "Sasikumar, Srivathsan"]
[BlackElo "1249"]
[BlackTeam "Leeds Juniors 2"]
[Result "0-1"]
[PlyCount "52"]

1. e4 c6 2. d4 d5 3. exd5 cxd5 4. Nf3 Nf6 5. c4 e6 6. Nc3 Be7 7. cxd5 exd5 8. Bb5+ Bd7 9. Bxd7+ Nbxd7 10. O-O O-O 11. Bf4 Rc8 12. Qd3 Re8 13. Rfe1 a6 14. Ng5 h6 15. Nf3 b5 16. Be5 Qb6 17. Nh4 Nxe5 18. Rxe5 Ng4 19. Rxd5 Bxh4 20. Qh3 Bxf2+ 21. Kf1 Ne3+ 22. Kxf2 Nxd5 23. Nxd5 Qxd4+ 24. Ne3 Rc2+ 25. Kf1 Qxe3 26. g3 Qf2# 0-1

[Event "Junior Online 4NCL Division 3"]
[Site "online"]
[Date "2021.09.16"]
[EventDate "2021.09.16"]
[Round "3.11"]
[White "Agarwal, Mihir"]
[WhiteElo "1344"]
[WhiteTeam "The Hall 2"]
[Black "Correa, Edward"]
[BlackElo "1132"]
[BlackTeam "Manchester Juniors D"]
[Result "0-1"]
[PlyCount "122"]

1. d4 Nf6 2. Nf3 g6 3. Bf4 Bg7 4. Nc3 O-O 5. e4 d6 6. Bd3 Nbd7 7. O-O Qe8 8. Qd2 e5 9. dxe5 dxe5 10. Bh6 Ng4 11. Bxg7 Kxg7 12. h3 Ngf6 13. Qg5 h6 14. Qe3 Nb6 15. Nh4 g5 16. Nf5+ Bxf5 17. exf5 Qe7 18. f4 gxf4 19. Qf3 c6 20. Ne4 Rg8 21. Nxf6 Qxf6 22. Qg4+ Kh7 23. Qh5 Rg5 24. Qe2 Rag8 25. Rf2 Nd5 26. c3 Ne3 27. Re1 Nxg2 28. Rxg2 Rxg2+ 29. Qxg2 Rxg2+ 30. Kxg2 Qg5+ 31. Kh1 Qg3 32. f6+ Kh8 33. Bf5 Qxe1+ 34. Kh2 Qg3+ 35. Kh1 Qg5 36. Bg4 h5 37. Be2 Qxf6 38. Kg2 f3+ 39. Bxf3 Qg5+ 40. Kf2 Qf4 41. Ke2 h4 42. Bg4 f5 43. Bf3 Qh2+ 44. Ke3 Qxh3 45. Ke2 e4 46. Bh5 f4 47. Kf2 Qe3+ 48. Kg2 f3+ 49. Kh1 f2 50. Kg2 Qg3+ 51. Kf1 Qg1+ 52. Ke2 f1=Q+ 53. Kd2 Qd1+ 54. Bxd1 h3 55. Bg4 Qxg4 56. Ke3 h2 57. Kd4 e3+ 58. Kxe3 h1=Q 59. Kd3 Qge4+ 60. Kd2 Qh2+ 61. Kd1 Qb1# 0-1

[Event "Junior Online 4NCL Division 3"]
[Site "online"]
[Date "2021.09.16"]
[EventDate "2021.09.16"]
[Round "3.13"]
[White "O'Sullivan, Conor"]
[WhiteElo "1290"]
[WhiteTeam "The Hall 2"]
[Black "Winser, Frederick"]
[BlackElo "1164"]
[BlackTeam "Manchester Juniors D"]
[Result "1-0"]
[PlyCount "49"]

1. e4 e5 2. Nf3 Nc6 3. Bb5 a6 4. Ba4 b5 5. Bb3 Nf6 6. Nc3 b4 7. Nd5 Nxe4 8. d3 Nf6 9. Bg5 h6 10. Bh4 g5 11. Nxg5 hxg5 12. Bxg5 Be7 13. Bh6 Rxh6 14. Qd2 Rg6 15. c3 Rxg2 16. cxb4 Nxd5 17. Bxd5 Bxb4 18. Bxg2 Bxd2+ 19. Kxd2 Qg5+ 20. Ke2 Qxg2 21. Rhg1 Qxh2 22. d4 exd4 23. Kd3 a5 24. Rae1+ Ne7 25. Rg8# 1-0

[Event "Junior Online 4NCL Division 3"]
[Site "online"]
[Date "2021.09.16"]
[EventDate "2021.09.16"]
[Round "3.15"]
[White "Correa, Edward"]
[WhiteElo "1132"]
[WhiteTeam "Manchester Juniors D"]
[Black "Agarwal, Mihir"]
[BlackElo "1344"]
[BlackTeam "The Hall 2"]
[Result "1-0"]
[PlyCount "163"]

1. d4 d5 2. Bf4 Nf6 3. Nf3 Nc6 4. e3 Bf5 5. Bd3 e6 6. a3 Bd6 7. Bxd6 Qxd6 8. Nc3 a6 9. Bxf5 exf5 10. Qd3 Ne4 11. O-O O-O 12. Nd2 Rfe8 13. Rfe1 Rad8 14. f3 Nxc3 15. Qxc3 b5 16. Qc5 Qxc5 17. dxc5 d4 18. exd4 Nxd4 19. Rxe8+ Rxe8 20. Rc1 Ne2+ 21. Kf2 Nxc1 22. Nb3 Nxb3 23. cxb3 Rd8 24. Ke2 Rd6 25. cxd6 cxd6 26. Kd3 Kf8 27. Kd4 Ke7 28. Kd5 Kd7 29. b4 g6 30. h4 h5 31. f4 f6 32. g3 Ke7 33. Kc6 Ke6 34. Kb6 Kd5 35. Kxa6 Kc4 36. Kb6 d5 37. a4 bxa4 38. b5 d4 39. Ka6 d3 40. b6 d2 41. b7 d1=Q 42. b8=Q Qb3 43. Qg8+ Kb4 44. Qb8+ Kc5 45. Qc8+ Kd4 46. Qd8+ Qd5 47. Qb6+ Qc5 48. Qd8+ Qd5 49. Qb6+ Qc5 50. Qd8+ Kc4 51. Qg8+ Qd5 52. Qc8+ Qc5 53. Qg8+ Qd5 54. Qc8+ Kd4 55. Qc3+ Ke4 56. Qe1+ Kf3 57. Qc3+ Kg4 58. Qxf6 Qc4+ 59. Ka7 Qc5+ 60. Ka6 Qc8+ 61. Ka7 Qd7+ 62. Ka6 Qd2 63. Qxg6+ Kf3 64. Qxh5+ Kxg3 65. Qg5+ Kf3 66. Qxf5 Qxf4 67. Qxf4+ Kxf4 68. Ka5 Kg4 69. Kxa4 Kxh4 70. b4 Kg5 71. b5 Kf6 72. b6 Ke7 73. b7 Kd8 74. b8=Q+ Kd7 75. Qb6 Kc8 76. Qa7 Kd8 77. Kb5 Ke8 78. Kc6 Kf8 79. Kd6 Kg8 80. Ke6 Kh8 81. Kf6 Kg8 82. Qg7# 1-0

[Event "Junior Online 4NCL Division 3"]
[Site "online"]
[Date "2021.09.16"]
[EventDate "2021.09.16"]
[Round "3.17"]
[White "Winser, Frederick"]
[WhiteElo "1164"]
[WhiteTeam "Manchester Juniors D"]
[Black "O'Sullivan, Conor"]
[BlackElo "1290"]
[BlackTeam "The Hall 2"]
[Result "0-1"]
[PlyCount "62"]

1. e4 e5 2. Nf3 Nc6 3. Nc3 Nf6 4. Bc4 Nxe4 5. Nxe4 d5 6. Bxd5 Qxd5 7. Nfg5 h6 8. Qh5 Be6 9. Nxe6 Qxe4+ 10. Kf1 Qc4+ 11. d3 Qxe6 12. Be3 O-O-O 13. Re1 Qxa2 14. Qf5+ Kb8 15. Ke2 Nd4+ 16. Bxd4 exd4 17. f3 Qxb2 18. Rc1 Re8+ 19. Kf2 Qc3 20. Qxf7 Qd2+ 21. Kg3 Bd6+ 22. Kh3 h5 23. Rhd1 Qf4 24. g3 Qxf7 25. Re1 Qxf3 26. Rxe8+ Rxe8 27. Rb1 g5 28. Rb2 g4+ 29. Kh4 Be7+ 30. Kxh5 Rh8+ 31. Kg6 Qf6# 0-1

[Event "Junior Online 4NCL Division 3"]
[Site "online"]
[Date "2021.09.16"]
[EventDate "2021.09.16"]
[Round "3.22"]
[White "Sisupalan, Beni"]
[WhiteElo "1452"]
[WhiteTeam "JHJ Shark Tank 4"]
[Black "Jebananthan, Jeshan"]
[BlackElo "1230"]
[BlackTeam "Uxbridge B"]
[Result "1-0"]
[PlyCount "49"]

1. e4 e5 2. Nf3 Nc6 3. Bc4 Bc5 4. d3 h6 5. Be3 b6 6. Bxc5 bxc5 7. O-O Bb7 8. Nc3 Nf6 9. Qd2 O-O 10. Rad1 Nd4 11. Nxe5 d6 12. f4 dxe5 13. fxe5 Ng4 14. Qf4 Qd7 15. h3 Nxe5 16. Qxe5 Qc6 17. Nd5 Nxc2 18. Ne7+ Kh8 19. Nxc6 Bxc6 20. Bxf7 Ne3 21. Qxc5 Nxf1 22. Qxc6 Ne3 23. Re1 Nc2 24. Rf1 Ne3 25. Rf3 1-0

[Event "Junior Online 4NCL Division 3"]
[Site "online"]
[Date "2021.09.16"]
[EventDate "2021.09.16"]
[Round "3.23"]
[White "Mangalagiri, Pranav"]
[WhiteElo "1184"]
[WhiteTeam "Uxbridge B"]
[Black "Aserkoff, Daniel"]
[BlackElo "1411"]
[BlackTeam "JHJ Shark Tank 4"]
[Result "0-1"]
[PlyCount "148"]

1. e4 c6 2. d4 d5 3. Nc3 dxe4 4. Nxe4 Nf6 5. Nxf6+ exf6 6. Nf3 Bd6 7. Be3 O-O 8. Bd3 Bg4 9. O-O Nd7 10. h3 Bh5 11. c4 Rc8 12. Re1 c5 13. d5 Ne5 14. Be2 Bxf3 15. Bxf3 Nxc4 16. Qd3 Nxe3 17. Rxe3 Be5 18. Rb1 Qd6 19. Bd1 c4 20. Qe2 Qxd5 21. Bc2 Bf4 22. Rf3 Rfe8 23. Qd1 Qxd1+ 24. Rxd1 Be5 25. b3 c3 26. Rdd3 Red8 27. a4 Rxd3 28. Rxd3 Kf8 29. Rd7 Rc7 30. Rd8+ Ke7 31. Rd3 Rd7 32. Re3 Rd2 33. Bxh7 c2 34. Bxc2 Rxc2 35. f4 Rc5 36. fxe5 Rxe5 37. Rd3 Ke6 38. Kf2 Rd5 39. Re3+ Re5 40. Rd3 Rd5 41. Re3+ Kd6 42. Ke2 Re5 43. Kd3 Rxe3+ 44. Kxe3 Ke5 45. g4 f5 46. Kf3 fxg4+ 47. hxg4 f5 48. b4 fxg4+ 49. Kxg4 Kd4 50. Kf4 Kc4 51. b5 Kb4 52. Ke4 Kxa4 53. Kf5 Kxb5 54. Kg6 a6 55. Kxg7 a5 56. Kf6 a4 57. Ke5 a3 58. Kd4 Kb4 59. Kd3 Kb3 60. Kd2 Kb2 61. Kd3 a2 62. Kc4 a1=Q 63. Kc5 Qc1+ 64. Kb6 Qg5 65. Kxb7 Qf6 66. Kc7 Qe6 67. Kb7 Qd6 68. Ka7 Qb4 69. Ka8 Kc3 70. Ka7 Kd4 71. Ka8 Qb5 72. Ka7 Kd5 73. Ka8 Kc6 74. Ka7 Qb7# 0-1